LEADER 00981nam0 22002651i 450 001 UON00210511 005 20231205103332.971 100 $a20030730d1949 |0itac50 ba 101 $adut 102 $aNL 105 $a|||| ||||| 200 1 $aVers tegen vers$fHendrik de Vries 210 $a's-Gravenhage$cD.A. Daamen's Uitgevermaatschappij N.V.$d1949 215 $a102 p.$d19 cm. 316 $aDono Woudenberg$5IT-UONSI OlandXIII/174 620 $aNL$dDen Haag$3UONL000378 676 $a839.31$cLetteratura olandese$v21 700 1$aVRIES$bHendrik de$3UONV126692$0492568 712 $aDaamen$3UONV267737$4650 801 $aIT$bSOL$c20240220$gRICA 899 $aSIBA - SISTEMA BIBLIOTECARIO DI ATENEO$2UONSI 912 $aUON00210511 950 $aSIBA - SISTEMA BIBLIOTECARIO DI ATENEO$dSI Oland XIII 174 $eSI LO 62684 5 174 Dono Woudenberg 996 $aVers tegen vers$91260155 997 $aUNIOR